| 000 | 01621nam a22002417a 4500 | ||
|---|---|---|---|
| 003 | Uzh_bibl | ||
| 008 | 260421b |||||||| |||| 00| 0 ukr d | ||
| 020 |
_a5-12-002052-6 _c5.00 |
||
| 040 | _bукр. | ||
| 041 |
_2ukr _aukr |
||
| 080 | _a94(477) | ||
| 090 |
_a94(477) _bЯ 22 |
||
| 100 | _aЯворницький,Дмитро | ||
| 245 |
_aІсторія запорозьких козаків _cред.О.А.Олійник _hТекст |
||
| 260 |
_aКиїв _bНаукова думка _c1990 |
||
| 300 |
_a515 с. _fВ опр. |
||
| 490 |
_aСерія"Пам'ятки іст.думки України" _vТ.3 |
||
| 520 | _aТретій том «Історії запорозьких козаків» Дмитра Яворницького — це фундаментальна праця, що охоплює період 1686–1734 років. Книга детально описує добу Руїни, Кримські та Азовські походи, діяльність гетьмана Мазепи, перехід козаків на бік шведів та завершується ліквідацією Січі після Північної війни. Це документальне дослідження життя запорожців на чужині та їхнього повернення. | ||
| 521 | _aДля науковців, викладачів та студентів вузів, краєзнавців, широкого кола читачів. | ||
| 546 | _aукр. | ||
| 650 |
_aНаукове видання _vІсторична література |
||
| 942 |
_2udc _cBK |
||
| 999 |
_c17432 _d17432 |
||